Nová bankovka s najvyššou nominálnou hodnotou

Popis bankovky. Ochranné prvky na bankovke.

Gespeichert in:
Bibliographische Detailangaben
1. Verfasser: Fröhlich, Štefan
Format: Buchkapitel
Sprache:Slowakisch
Schlagworte:
Tags: Tag hinzufügen
Keine Tags, Fügen Sie das erste Tag hinzu!

MARC

LEADER 00000naa a2200000 4500
001 r017363
005 20221205075551.8
041 0 |a slo 
044 |a SK 
245 1 0 |a Nová bankovka s najvyššou nominálnou hodnotou  |c Štefan Fröhlich 
520 |a Popis bankovky. Ochranné prvky na bankovke. 
610 2 0 |a bankovky 
610 2 0 |a Slovensko 
610 2 0 |a 1993 
610 2 0 |a NBS Bratislava 
610 2 0 |a emisia 
100 1 |a Fröhlich, Štefan